Score 0/10 Timer 01:00
0 Plays Today
% Correct
Animal Farm
94.3%
Angels & Demons
92.5%
Around the World in Eighty Days
91.8%
Anna Karenina
90.2%
All's Well That Ends Well
88.7%
Antigone
85%
Are You There God? It's Me, Margaret
82.8%
Angela's Ashes
80.5%
Atlas Shrugged
78.4%
As I Lay Dying
75.6%

Today's Daily Dose

Remove Ads.
Support Sporcle.
Get the best of Sporcle when you Go Orange. This ad-free experience offers more features, more stats, and more fun while also helping to support Sporcle. Thank you for becoming a member.

You're not logged in!

Compare scores with friends on all Sporcle quizzes.
OR
Log In

Show Comments

Extras

Top Quizzes Today


Score Distribution

Your Account Isn't Verified!

In order to create a playlist on Sporcle, you need to verify the email address you used during registration. Go to your Sporcle Settings to finish the process.

Report this User

Report this user for behavior that violates our Community Guidelines.

Details: